[Event "XXVII Festival Isola d'Elba A"]
[Site "Capoliveri ITA"]
[Date "2009.05.??"]
[Round "9"]
[White "Novelli, Cristiano"]
[Black "Ricci, Alfredo"]
[Result "0-1"]
[WhiteElo "2099"]
[BlackElo "2024"]
[PlyCount "60"]
[EventDate "2009.05.10"]

1. e4 c5 2. Nc3 Nc6 3. g3 g6 4. Bg2 Bg7 5. d3 e6 6. Be3 d6 7. Qd2 Nge7 8. Bh6
O-O 9. h4 f6 10. Bxg7 Kxg7 11. h5 g5 12. h6+ Kh8 13. Nge2 e5 14. f4 gxf4 15.
gxf4 Nd4 16. Nxd4 cxd4 17. Ne2 Bg4 18. Ng1 Qb6 19. Rb1 Rac8 20. Bh3 Bxh3 21.
Nxh3 Qc6 22. Rc1 d5 23. Nf2 dxe4 24. dxe4 Ng6 25. fxe5 fxe5 26. Qb4 Rf4 27. O-O
Rg8 28. Qa5 Ne7+ 29. Kh2 Rxf2+ 30. Rxf2 Qxh6# 0-1

[Event "XXVII Festival Isola d'Elba A"]
[Site "Capoliveri ITA"]
[Date "2009.05.19"]
[Round "9"]
[White "Ortega, Lexy"]
[Black "Cacinschi, Alexandru"]
[Result "1/2-1/2"]
[WhiteElo "2442"]
[BlackElo "1949"]
[PlyCount "54"]
[EventDate "2009.05.10"]

1. d4 e6 2. Nf3 Nf6 3. Bf4 c5 4. e3 d5 5. Nbd2 Nc6 6. c3 Be7 7. Bd3 O-O 8. Ne5
Bd6 9. Bg3 Qc7 10. f4 c4 11. Bc2 b5 12. Ndf3 Bb7 13. Bh4 Ne4 14. Ng5 Nxg5 15.
Nxc6 Bxc6 16. fxg5 e5 17. O-O exd4 18. exd4 Bxh2+ 19. Kh1 g6 20. Rf6 Bb7 21.
Qf3 Bd6 22. Rf1 Rae8 23. Qf2 Qe7 24. Bd1 Bb8 25. Bg4 Qc7 26. g3 Qe7 27. Qg2 Kg7
1/2-1/2

[Event "XXVII Festival Isola d'Elba A"]
[Site "Capoliveri ITA"]
[Date "2009.05.??"]
[Round "9"]
[White "Pulito, Alberto"]
[Black "Molina, Fabrizio"]
[Result "0-1"]
[WhiteElo "2256"]
[BlackElo "2240"]
[PlyCount "76"]
[EventDate "2009.05.10"]

1. e4 d6 2. d4 Nf6 3. Nc3 Nbd7 4. Nf3 e5 5. Bc4 Be7 6. O-O O-O 7. Re1 c6 8. a4
b6 9. h3 a6 10. Bg5 Bb7 11. Bf1 Re8 12. Qd2 Qc7 13. Kh1 b5 14. axb5 axb5 15. b4
exd4 16. Rxa8 Bxa8 17. Nxd4 Bf8 18. Bd3 g6 19. f4 Bg7 20. Nf3 Bb7 21. Rf1 Qb6
22. f5 Nh5 23. Ne2 c5 24. bxc5 dxc5 25. Rb1 Bc6 26. Bc4 Rxe4 27. Bd3 Re8 28.
Nf4 Nxf4 29. Qxf4 Ne5 30. Nxe5 Bxe5 31. Qh4 Qb7 32. Bf1 Qd7 33. f6 h5 34. Be2
Bd4 35. Bxh5 gxh5 36. Qg3 Qf5 37. h4 Qg4 38. Rb3 Re1+ 0-1

[Event "XXVII Festival Isola d'Elba A"]
[Site "Capoliveri ITA"]
[Date "2009.05.??"]
[Round "9"]
[White "Schaberg, Wolfgang"]
[Black "Picone, Franco"]
[Result "1/2-1/2"]
[WhiteElo "1982"]
[BlackElo "1886"]
[PlyCount "35"]
[EventDate "2009.05.10"]

1. e4 d5 2. exd5 Qxd5 3. Nf3 Nf6 4. Nc3 Qd6 5. d4 c6 6. h3 Bf5 7. Bd3 Bxd3 8.
Qxd3 Nbd7 9. O-O e6 10. Ne2 Qc7 11. c4 Be7 12. Bf4 Bd6 13. Be3 Rd8 14. Qc2 Qb8
15. Rfe1 O-O 16. Nc3 Bf4 17. Rad1 Rfe8 18. Ne4 1/2-1/2

[Event "IX Open FIDE"]
[Site "Roma ITA"]
[Date "2009.05.15"]
[Round "1"]
[White "Carnicelli, Valerio"]
[Black "Lantini, Marco"]
[Result "0-1"]
[WhiteElo "1735"]
[BlackElo "2204"]
[PlyCount "44"]
[EventDate "2009.05.15"]

1. e4 e6 2. d4 b6 3. Nc3 Bb7 4. f3 Bb4 5. a3 Bxc3+ 6. bxc3 Ne7 7. Bd3 c5 8. a4
Qc7 9. Nh3 cxd4 10. cxd4 Qc3+ 11. Bd2 Qxd4 12. Nf2 Nbc6 13. O-O Ne5 14. f4 Nxd3
15. cxd3 O-O 16. Rc1 Rac8 17. Qb3 Rxc1 18. Rxc1 Rc8 19. Rxc8+ Bxc8 20. Qb4 Qa1+
21. Be1 Nc6 22. Qc3 Qxa4 0-1

[Event "IX Open FIDE"]
[Site "Roma ITA"]
[Date "2009.05.15"]
[Round "1"]
[White "Della Corte, Alessandro"]
[Black "Mammoliti, Francesco"]
[Result "1-0"]
[WhiteElo "2238"]
[BlackElo "1745"]
[PlyCount "49"]
[EventDate "2009.05.15"]

1. Nf3 Nf6 2. g3 b6 3. Bg2 Bb7 4. O-O d5 5. d3 e6 6. Nbd2 Be7 7. c3 Nbd7 8. Qc2
c5 9. e4 Qc7 10. Re1 dxe4 11. dxe4 O-O 12. a4 c4 13. h3 e5 14. Bf1 Ba6 15. Qd1
Rfd8 16. b4 b5 17. Qc2 Ne8 18. Nh2 Nd6 19. axb5 Bxb5 20. Ra5 a6 21. Ng4 Nb7 22.
Ra1 h5 23. Ne3 Nd6 24. Nd5 Nf6 25. Nxc7 1-0

[Event "IX Open FIDE"]
[Site "Roma ITA"]
[Date "2009.05.15"]
[Round "1"]
[White "Gerlando, Onofrio"]
[Black "Piscitelli, Vito"]
[Result "0-1"]
[WhiteElo "1642"]
[BlackElo "2047"]
[PlyCount "120"]
[EventDate "2009.05.15"]

1. d4 d5 2. Nf3 Nf6 3. Bf4 e6 4. h4 c5 5. Bg5 Qb6 6. Bxf6 gxf6 7. b3 Nc6 8. e3
Bd7 9. g3 Rc8 10. Be2 Bd6 11. c3 cxd4 12. exd4 Ne7 13. Nh2 f5 14. Nd2 Rxc3 15.
Nhf3 Rg8 16. a3 Qc7 17. Nf1 f4 18. gxf4 Bxf4 19. Ng5 Rc2 20. Qd3 Rc1+ 21. Rxc1
Qxc1+ 22. Qd1 Qc3+ 23. Nd2 Rg7 24. Ngf3 Nf5 25. a4 Bxd2+ 26. Qxd2 Qxb3 27. Bd1
Qb1 28. Qc2 Qb4+ 29. Qd2 Qxd2+ 30. Kxd2 Rg2 31. Ke2 Ng3+ 32. Ke3 Nxh1 33. Ng5
Nxf2 34. Bf3 Rxg5 35. hxg5 Nh3 36. Bd1 Nxg5 37. Kf4 Ne4 38. Ke3 Nc3 39. Bc2
Nxa4 40. Bxh7 Nb6 41. Bd3 Nc4+ 42. Ke2 b5 43. Bb1 a5 44. Kd3 b4 45. Kc2 Ba4+
46. Kc1 b3 47. Bd3 Bb5 48. Bb1 b2+ 49. Kc2 Na3+ 50. Kxb2 Nxb1 51. Kxb1 e5 52.
dxe5 d4 53. Kb2 a4 54. Kc2 d3+ 55. Kb2 a3+ 56. Kxa3 d2 57. Kb4 Be2 58. e6 f5
59. e7 d1=Q 60. Kc3 f4 0-1

[Event "IX Open FIDE"]
[Site "Roma ITA"]
[Date "2009.05.15"]
[Round "1"]
[White "Granitto, Francesco"]
[Black "Simeone, Giulio"]
[Result "0-1"]
[WhiteElo "1416"]
[BlackElo "1970"]
[PlyCount "104"]
[EventDate "2009.05.15"]

1. e4 c6 2. Nf3 d5 3. e5 Bf5 4. d4 e6 5. Bd3 Ne7 6. Bg5 Qb6 7. Bc1 Nd7 8. O-O
c5 9. c3 c4 10. Bc2 Bxc2 11. Qxc2 Nf5 12. b3 Rc8 13. Bb2 Be7 14. Nbd2 cxb3 15.
Nxb3 O-O 16. Qd2 Qa6 17. Nc1 Nb6 18. Rb1 Nc4 19. Qd3 Bd8 20. Nd2 Bb6 21. Nxc4
Qxc4 22. Qxc4 Rxc4 23. Ne2 Ra4 24. Ra1 Rc8 25. Rfd1 Ne7 26. Rd3 Nc6 27. a3 Na5
28. Rb1 Nc4 29. Bc1 Kf8 30. Rb4 Ra6 31. Rb3 Ke8 32. g4 Kd7 33. Kg2 Kc6 34. f4
Bd8 35. Kg3 Be7 36. f5 Bxa3 37. Bg5 h6 38. Be3 Rb6 39. Rxb6+ Kxb6 40. fxe6 fxe6
41. Nf4 Nxe3 42. Rxe3 Bc1 43. Rf3 Bxf4+ 44. Kxf4 Rf8+ 45. Ke3 Rxf3+ 46. Kxf3
Kb5 47. Ke3 Kc4 48. Kd2 Kb3 49. Kd3 b5 50. h4 a5 51. g5 a4 52. gxh6 gxh6 0-1

[Event "IX Open FIDE"]
[Site "Roma ITA"]
[Date "2009.05.15"]
[Round "1"]
[White "Iacoacci, Giancarlo"]
[Black "Quimi, Marco"]
[Result "0-1"]
[WhiteElo "1751"]
[BlackElo "2242"]
[PlyCount "84"]
[EventDate "2009.05.15"]

1. d4 Nf6 2. Bf4 g6 3. Nf3 Bg7 4. e3 O-O 5. Be2 d6 6. h3 Nfd7 7. c3 e5 8. dxe5
dxe5 9. Bh2 Nc6 10. Nbd2 Qe7 11. O-O Nc5 12. Re1 Bf5 13. b4 Nd3 14. Bxd3 Bxd3
15. Qb3 Rad8 16. e4 Rd7 17. a3 Rfd8 18. Nc4 Qe6 19. Ncd2 Qxb3 20. Nxb3 b6 21.
Nc1 Bc4 22. Ne2 f6 23. g4 Rd3 24. Kg2 g5 25. Rac1 a6 26. Ng3 Bf8 27. Nf5 Ne7
28. Ne3 Be6 29. Ng1 Ng6 30. Ne2 Nh4+ 31. Kg3 Rd2 32. c4 c6 33. Nc3 R8d3 34. c5
bxc5 35. Na4 cxb4 36. Rxc6 Bd7 37. Rxa6 Rxa3 38. Bg1 Bxa4 39. Rxf6 Bc5 40. Kh2
Bxe3 41. Rb1 Bf4+ 42. Kh1 Rxh3+ 0-1

[Event "IX Open FIDE"]
[Site "Roma ITA"]
[Date "2009.05.15"]
[Round "1"]
[White "Malloni, Marcello"]
[Black "Ruotolo, Claudio"]
[Result "1-0"]
[WhiteElo "2278"]
[BlackElo "1781"]
[PlyCount "69"]
[EventDate "2009.05.15"]

1. e4 e5 2. Nc3 Nc6 3. Bc4 Nf6 4. d3 h6 5. f4 Bc5 6. Nf3 d6 7. Na4 Bb6 8. Nxb6
axb6 9. O-O Qe7 10. c3 O-O 11. Bb3 Bd7 12. fxe5 dxe5 13. Kh1 Rad8 14. Qe1 Na5
15. Bc2 Bb5 16. b4 Nc6 17. c4 Nxb4 18. Ba3 Nxc2 19. Bxe7 Nxe1 20. Raxe1 Rxd3
21. Bxf8 Bxc4 22. Nxe5 Ba6 23. Nxd3 Bxd3 24. Rxf6 gxf6 25. Bxh6 c5 26. Kg1 c4
27. Bd2 Kg7 28. Kf2 b5 29. Ke3 f5 30. e5 f6 31. e6 Kf8 32. Bb4+ Ke8 33. Kf4 b6
34. Re3 Bb1 35. Rg3 1-0

[Event "IX Open FIDE"]
[Site "Roma ITA"]
[Date "2009.05.15"]
[Round "1"]
[White "Panella, Fiammetta"]
[Black "Pipitone, Filippo Massimo"]
[Result "1-0"]
[WhiteElo "2010"]
[BlackElo "1468"]
[PlyCount "73"]
[EventDate "2009.05.15"]

1. e4 c5 2. Nf3 e6 3. d4 cxd4 4. Nxd4 Nc6 5. Nb5 d6 6. c4 a6 7. N5c3 Nf6 8. Be2
Be7 9. O-O O-O 10. Be3 b6 11. Na3 Bb7 12. f4 Nd7 13. Bf3 Qc7 14. Rc1 Rac8 15.
Nd5 exd5 16. cxd5 Ndb8 17. dxc6 Nxc6 18. Bg4 Rcd8 19. Nc4 Qb8 20. Bxb6 d5 21.
exd5 Nb4 22. Bxd8 Rxd8 23. d6 Nc6 24. Re1 Bxd6 25. Nxd6 h5 26. Bxh5 Rxd6 27.
Qb3 g6 28. Bf3 Qa7+ 29. Qe3 Nd4 30. Bxb7 Qxb7 31. Qe8+ Kh7 32. Rc8 Nf3+ 33.
gxf3 Qxb2 34. Qg8+ Kh6 35. Qh8+ Qxh8 36. Rxh8+ Kg7 37. Ra8 1-0

[Event "IX Open FIDE"]
[Site "Roma ITA"]
[Date "2009.05.15"]
[Round "1"]
[White "Pienabarca, Nicola"]
[Black "Piccolo, Giuseppe"]
[Result "1-0"]
[WhiteElo "2092"]
[BlackElo "1655"]
[PlyCount "35"]
[EventDate "2009.05.15"]

1. d4 e5 2. e4 exd4 3. Nf3 d5 4. Qxd4 dxe4 5. Qxd8+ Kxd8 6. Ng5 Ke8 7. Bc4 Nh6
8. Bf4 c6 9. Nxe4 Bf5 10. Nbc3 Nd7 11. O-O-O b5 12. Rhe1 Kd8 13. Bxh6 bxc4 14.
Bg5+ Kc7 15. Bf4+ Kd8 16. Ng5 Bg6 17. Re2 Kc8 18. Re8+ 1-0

[Event "IX Open FIDE"]
[Site "Roma ITA"]
[Date "2009.05.15"]
[Round "1"]
[White "Sibilio, Mario"]
[Black "Scoccianti, Raffaele"]
[Result "1-0"]
[WhiteElo "2372"]
[BlackElo "1850"]
[PlyCount "57"]
[EventDate "2009.05.15"]

1. d4 Nf6 2. c4 d6 3. Nf3 g6 4. g3 Bg7 5. Bg2 c6 6. Nc3 O-O 7. h3 Nbd7 8. Be3
Qc7 9. Rc1 e5 10. Qd2 Re8 11. O-O a6 12. Rfd1 Nf8 13. Ng5 h6 14. dxe5 dxe5 15.
Nge4 Nxe4 16. Nxe4 f5 17. Nd6 Rd8 18. Qb4 Nd7 19. Qb3 Kh7 20. Rd2 e4 21. g4 Be5
22. c5 Nf6 23. Rcd1 Nd5 24. Nc4 Be6 25. Nxe5 Qxe5 26. Qxb7+ Bd7 27. Rxd5 cxd5
28. Rxd5 Qb8 29. Rxd7+ 1-0

[Event "IX Open FIDE"]
[Site "Roma ITA"]
[Date "2009.05.16"]
[Round "2"]
[White "Lantini, Marco"]
[Black "Sibilio, Mario"]
[Result "1/2-1/2"]
[WhiteElo "2204"]
[BlackElo "2372"]
[PlyCount "120"]
[EventDate "2009.05.15"]

1. d4 Nf6 2. c4 e6 3. Nf3 d5 4. g3 dxc4 5. Qa4+ Nbd7 6. Qxc4 a6 7. Nc3 c5 8.
dxc5 Bxc5 9. Bh3 b5 10. Qd3 Bb7 11. a3 Rc8 12. O-O O-O 13. Bf4 Qb6 14. b4 Bxf2+
15. Rxf2 Rxc3 16. Qxc3 Qxf2+ 17. Kxf2 Ne4+ 18. Ke1 Nxc3 19. Bd6 Rc8 20. Nd4 Nf6
21. Rc1 Nce4 22. Rxc8+ Bxc8 23. Bc7 Bb7 24. Bg2 Nd7 25. Bxe4 Bxe4 26. Nb3 e5
27. Nc5 Nxc5 28. bxc5 f6 29. Kd2 Kf7 30. Ke3 Bd5 31. Kd3 Ke6 32. e4 Bc6 33. Ba5
h5 34. Be1 g6 35. Bc3 Bb7 36. Ba5 Kd7 37. Ke3 f5 38. exf5 gxf5 39. Bc3 Ke6 40.
Ba5 Bg2 41. Bd8 Kd5 42. Bf6 a5 43. c6 Ke6 44. c7 Bb7 45. Bg7 Kd5 46. Kd3 Ba6
47. Kc3 f4 48. gxf4 exf4 49. Kd2 Ke4 50. Bc3 a4 51. c8=Q Bxc8 52. Ke2 Kf5 53.
Bd2 h4 54. Bb4 Kg4 55. Bd6 Bb7 56. Kf2 Bd5 57. Bc5 Kh3 58. Be7 Kg4 59. Bb4 Bc4
60. Be7 Bd5 1/2-1/2

[Event "IX Open FIDE"]
[Site "Roma ITA"]
[Date "2009.05.16"]
[Round "2"]
[White "Mammoliti, Francesco"]
[Black "Granitto, Francesco"]
[Result "1-0"]
[WhiteElo "1745"]
[BlackElo "1416"]
[PlyCount "61"]
[EventDate "2009.05.15"]

1. d4 Nf6 2. c4 e6 3. Nf3 d5 4. Nc3 Nc6 5. Bg5 Be7 6. e3 O-O 7. Bd3 dxc4 8.
Bxc4 a6 9. Rc1 Qd6 10. O-O b5 11. Bd3 e5 12. Ne4 Qe6 13. Nxf6+ Bxf6 14. Bxf6
Qxf6 15. Be4 Bd7 16. Nxe5 Be8 17. Nxc6 Bxc6 18. Rxc6 Qe7 19. Qc2 Ra7 20. Bxh7+
Kh8 21. Bf5 g6 22. Bh3 Kg7 23. Rc1 Kh6 24. Rxc7 Rxc7 25. Qxc7 Qg5 26. g3 f5 27.
Qf4 Qxf4 28. gxf4 g5 29. fxg5+ Kxg5 30. Rc5 Rf6 31. e4 1-0

[Event "IX Open FIDE"]
[Site "Roma ITA"]
[Date "2009.05.16"]
[Round "2"]
[White "Napoli, Nicolo'"]
[Black "Pienabarca, Nicola"]
[Result "1-0"]
[WhiteElo "2353"]
[BlackElo "2092"]
[PlyCount "47"]
[EventDate "2009.05.15"]

1. d4 Nf6 2. g4 d5 3. g5 Ne4 4. Bg2 e6 5. c4 Bb4+ 6. Kf1 Be7 7. h4 f6 8. Nc3
Nxc3 9. bxc3 c6 10. Qd3 Nd7 11. Nh3 Nb6 12. cxd5 cxd5 13. e4 Bd7 14. exd5 exd5
15. Nf4 a6 16. Kg1 Bb5 17. Qg3 Qd7 18. Nh5 Bd6 19. Bf4 Bxf4 20. Qxf4 O-O 21.
gxf6 g6 22. Qg5 Kh8 23. Nf4 Bc4 24. Nxg6+ 1-0

[Event "IX Open FIDE"]
[Site "Roma ITA"]
[Date "2009.05.16"]
[Round "2"]
[White "Ottaviani, Gianluca"]
[Black "Panella, Fiammetta"]
[Result "1/2-1/2"]
[WhiteElo "1915"]
[BlackElo "2010"]
[PlyCount "46"]
[EventDate "2009.05.15"]

1. e4 c5 2. Nf3 e6 3. d4 cxd4 4. Nxd4 a6 5. Bd3 Nf6 6. O-O Qc7 7. c4 Nc6 8.
Nxc6 dxc6 9. Nc3 e5 10. Qe2 Bg4 11. f3 Bc5+ 12. Be3 Bxe3+ 13. Qxe3 Be6 14. Rfd1
Nd7 15. Rac1 Qb6 16. Qxb6 Nxb6 17. b3 Ke7 18. c5 Nd7 19. Na4 Rad8 20. Bc4 Nf6
21. Nb2 g5 22. Bxe6 Kxe6 23. Nc4 g4 1/2-1/2

[Event "IX Open FIDE"]
[Site "Roma ITA"]
[Date "2009.05.16"]
[Round "2"]
[White "Piccolo, Giuseppe"]
[Black "Scoccianti, Raffaele"]
[Result "1-0"]
[WhiteElo "1655"]
[BlackElo "1850"]
[PlyCount "103"]
[EventDate "2009.05.15"]

1. e4 d5 2. exd5 Qxd5 3. Nc3 Qe5+ 4. Be2 c6 5. Nf3 Qc7 6. d4 Bf5 7. O-O e6 8.
Bd3 Bg4 9. h3 Bh5 10. Re1 Nf6 11. Ne4 Nbd7 12. Ng3 Bg6 13. c4 O-O-O 14. a3 Bxd3
15. Qxd3 h6 16. b4 g5 17. Qe3 Nb6 18. Qc3 g4 19. Ne5 gxh3 20. gxh3 Rg8 21. Kh1
Ne8 22. Bf4 Bd6 23. c5 Bxc5 24. bxc5 Nd5 25. Qf3 Nxf4 26. Qxf4 f6 27. Nd3 e5
28. Qf5+ Qd7 29. Rad1 Rg5 30. Qxd7+ Rxd7 31. dxe5 fxe5 32. h4 Rg4 33. h5 Nf6
34. Nxe5 Rxd1 35. Rxd1 Rh4+ 36. Kg2 Nxh5 37. Nxh5 Rxh5 38. f4 Rf5 39. Kg3 h5
40. Rd4 a6 41. a4 a5 42. Nd3 Kc7 43. Re4 Rd5 44. Re3 Kb8 45. Kf3 Ka7 46. Ke4
Ka6 47. f5 b5 48. f6 bxa4 49. f7 Rd8 50. Ne5 Rf8 51. Rf3 Kb5 52. Nd7 1-0

[Event "IX Open FIDE"]
[Site "Roma ITA"]
[Date "2009.05.16"]
[Round "2"]
[White "Piscitelli, Vito"]
[Black "Malloni, Marcello"]
[Result "0-1"]
[WhiteElo "2047"]
[BlackElo "2278"]
[PlyCount "56"]
[EventDate "2009.05.15"]

1. e4 Nc6 2. Nf3 e5 3. Bc4 Nf6 4. d3 Bc5 5. O-O O-O 6. c3 d5 7. exd5 Nxd5 8. b4
Bb6 9. Bxd5 Qxd5 10. c4 Qd8 11. c5 Bg4 12. Bb2 Nxb4 13. cxb6 Nxd3 14. bxc7 Qd7
15. Qc2 Rfe8 16. Nbd2 Rac8 17. Rac1 Re6 18. Ne4 Rc6 19. Qd2 Nxc1 20. Qxd7 Ne2+
21. Kh1 Bxd7 22. Nxe5 Rc2 23. Ba3 R8xc7 24. Rd1 f6 25. Nxd7 Rxa2 26. Ne5 fxe5
27. Rd8+ Kf7 28. h4 Rxa3 0-1

[Event "IX Open FIDE"]
[Site "Roma ITA"]
[Date "2009.05.16"]
[Round "2"]
[White "Quimi, Marco"]
[Black "Barbieri, Massimiliano"]
[Result "1-0"]
[WhiteElo "2242"]
[BlackElo "1302"]
[PlyCount "59"]
[EventDate "2009.05.15"]

1. d4 d5 2. Nf3 Nf6 3. Bf4 Nc6 4. h3 Bf5 5. a3 e6 6. e3 Bd6 7. Nbd2 Bxf4 8.
exf4 O-O 9. c3 Ne7 10. Be2 Ng6 11. g3 Qe7 12. h4 h5 13. Ng5 Bg4 14. Bxg4 Nxg4
15. Qc2 Rfe8 16. O-O Qf6 17. Rfe1 b6 18. Ndf3 c5 19. Re2 Rac8 20. Qd2 Rc7 21.
Rae1 Rec8 22. Qd3 cxd4 23. Rxe6 N4e5 24. R1xe5 fxe6 25. Rxe6 dxc3 26. bxc3 Rxc3
27. Qxd5 Rc1+ 28. Kh2 Rh1+ 29. Kxh1 Qa1+ 30. Re1+ 1-0

[Event "IX Open FIDE"]
[Site "Roma ITA"]
[Date "2009.05.16"]
[Round "2"]
[White "Ruotolo, Claudio"]
[Black "Gerlando, Onofrio"]
[Result "1-0"]
[WhiteElo "1781"]
[BlackElo "1642"]
[PlyCount "93"]
[EventDate "2009.05.15"]

1. c4 e6 2. g3 d6 3. Bg2 Ne7 4. Nc3 g6 5. e4 Bg7 6. Nge2 Nd7 7. d4 O-O 8. O-O
a6 9. Be3 Nb6 10. b3 Nd7 11. Qd2 Rb8 12. Rab1 b5 13. f4 b4 14. Nd1 f5 15. Nf2
Qe8 16. e5 Rf7 17. Nd3 a5 18. a3 bxa3 19. Qxa5 Nb6 20. Qxa3 Bb7 21. Bxb7 Rxb7
22. exd6 cxd6 23. Qxd6 Rf6 24. Ne5 Bf8 25. Bf2 Ned5 26. Qc6 Qxc6 27. Nxc6 Ne7
28. Nxe7+ Bxe7 29. Nc3 Rf8 30. c5 Nd5 31. Nxd5 exd5 32. b4 Rfb8 33. Be1 Bf6 34.
Bc3 Ra7 35. b5 Ra3 36. Ba1 Ra4 37. Rfd1 Ra5 38. c6 Bd8 39. Rdc1 Bc7 40. Rc5
Rba8 41. Bc3 Ra2 42. b6 Rb8 43. Rcb5 Re8 44. bxc7 Ree2 45. c8=Q+ Kg7 46. R5b2
Raxb2 47. Rxb2 1-0

[Event "IX Open FIDE"]
[Site "Roma ITA"]
[Date "2009.05.16"]
[Round "2"]
[White "Simeone, Giulio"]
[Black "Della Corte, Alessandro"]
[Result "1-0"]
[WhiteElo "1970"]
[BlackElo "2238"]
[PlyCount "29"]
[EventDate "2009.05.15"]

1. c4 c6 2. e4 d5 3. cxd5 Nf6 4. dxc6 Nxc6 5. Bb5 Nxe4 6. Nf3 Qb6 7. Qe2 Nd6 8.
Ba4 Bg4 9. O-O e6 10. d3 Be7 11. Be3 Qa5 12. Bxc6+ bxc6 13. Rc1 O-O 14. Nbd2
Qd5 15. Rc5 1-0

[Event "IX Open FIDE"]
[Site "Roma ITA"]
[Date "2009.05.16"]
[Round "3"]
[White "Barbieri, Massimiliano"]
[Black "Iacoacci, Giancarlo"]
[Result "0-1"]
[WhiteElo "1302"]
[BlackElo "1751"]
[PlyCount "60"]
[EventDate "2009.05.15"]

1. e4 c6 2. d4 d5 3. Nc3 dxe4 4. Nxe4 Nd7 5. Nf3 Ngf6 6. Nxf6+ Nxf6 7. Bd3 e6
8. O-O Bd6 9. Re1 O-O 10. Bg5 h6 11. Bxf6 Qxf6 12. c3 c5 13. Bc2 Rd8 14. Qd3 g6
15. Re4 b6 16. Qe3 Bb7 17. dxc5 Bxc5 18. Rf4 Qg7 19. Qe2 a5 20. Ne5 Ba6 21. Qf3
Qxe5 22. Rxf7 Rf8 23. Bxg6 Qg5 24. Bh5 Kh8 25. c4 Bxc4 26. Re1 Bd5 27. Qc3+ Kg8
28. Rg7+ Qxg7 29. Qxg7+ Kxg7 30. Kh1 Rxf2 0-1

[Event "IX Open FIDE"]
[Site "Roma ITA"]
[Date "2009.05.16"]
[Round "3"]
[White "Della Corte, Alessandro"]
[Black "Ruotolo, Claudio"]
[Result "1-0"]
[WhiteElo "2238"]
[BlackElo "1781"]
[PlyCount "57"]
[EventDate "2009.05.15"]

1. e4 e5 2. Nf3 Nc6 3. Nc3 Nf6 4. g3 d6 5. Bg2 Bg4 6. h3 Bxf3 7. Qxf3 Nd4 8.
Qd1 g6 9. d3 h6 10. Be3 Bg7 11. O-O O-O 12. Qd2 Kh7 13. Nd1 Nd7 14. c3 Ne6 15.
f4 f5 16. exf5 gxf5 17. Bxb7 Rb8 18. Bd5 exf4 19. Bxe6 fxe3 20. Nxe3 f4 21.
Bf5+ Rxf5 22. Nxf5 fxg3 23. Nxg7 Kxg7 24. Qf4 Rb5 25. Qf7+ Kh8 26. Rae1 Ne5 27.
Qh5 Rxb2 28. Qxh6+ Kg8 29. Re3 1-0

[Event "IX Open FIDE"]
[Site "Roma ITA"]
[Date "2009.05.16"]
[Round "3"]
[White "Gerlando, Onofrio"]
[Black "Carnicelli, Valerio"]
[Result "0-1"]
[WhiteElo "1642"]
[BlackElo "1735"]
[PlyCount "142"]
[EventDate "2009.05.15"]

1. d4 d5 2. Nf3 Nf6 3. h4 c6 4. h5 Bg4 5. h6 Bxf3 6. gxf3 g6 7. Bg5 Nbd7 8. Nc3
Qb6 9. b3 e6 10. Na4 Qc7 11. Qd2 b5 12. Nb2 a5 13. a4 b4 14. O-O-O Be7 15. Nd3
c5 16. Bf4 Qc6 17. Ne5 Nxe5 18. Bxe5 c4 19. e3 O-O 20. Kb1 Rfc8 21. Rc1 cxb3
22. Bb5 bxc2+ 23. Rxc2 Qxc2+ 24. Qxc2 Rxc2 25. Kxc2 Rc8+ 26. Kb2 Nh5 27. Rc1
Rxc1 28. Kxc1 Bd8 29. Be2 Nf6 30. Bd6 Nd7 31. Bb5 Nb6 32. Bg3 f6 33. Bd6 Kf7
34. e4 f5 35. exf5 gxf5 36. Bf4 Na8 37. Bc6 Nc7 38. Bd6 Ne8 39. Bf4 Bf6 40. Be3
Nd6 41. Bf4 Nc4 42. Bc7 Bg5+ 43. f4 Bxh6 44. Bb5 b3 45. Bxc4 dxc4 46. Kb2 Kg6
47. Bxa5 Bxf4 48. Bc3 h5 49. a5 h4 50. a6 Bb8 51. Ba5 Kg5 52. Bc7 Ba7 53. Be5
f4 54. f3 h3 55. Kc3 h2 56. Kxc4 h1=Q 57. Kxb3 Qxf3+ 58. Kc4 Qe2+ 59. Kb4 Qxe5
60. dxe5 f3 61. Kb5 f2 62. Kc6 f1=Q 63. Kb7 Qf2 64. Kc7 Qc5+ 65. Kb7 Qb6+ 66.
Kc8 Qxa6+ 67. Kd7 Qb7+ 68. Kxe6 Qc6+ 69. Kf7 Qd7+ 70. Kg8 Kg6 71. e6 Qg7# 0-1

[Event "IX Open FIDE"]
[Site "Roma ITA"]
[Date "2009.05.16"]
[Round "3"]
[White "Maddaloni, Giovanni"]
[Black "Piscitelli, Vito"]
[Result "0-1"]
[WhiteElo "1812"]
[BlackElo "2047"]
[PlyCount "68"]
[EventDate "2009.05.15"]

1. e4 c5 2. Nf3 d6 3. d4 cxd4 4. Nxd4 Nf6 5. Nc3 g6 6. Be3 Bg7 7. h3 O-O 8. Bc4
Nc6 9. O-O Bd7 10. Bb3 Rc8 11. Nde2 Ne5 12. Ng3 Nc4 13. Bxc4 Rxc4 14. Qd2 Qc7
15. Bh6 Rc8 16. Bxg7 Kxg7 17. Rfd1 Qb6 18. Rab1 Rb4 19. Nge2 Nxe4 20. Nxe4 Rxe4
21. Ng3 Re5 22. c3 Be6 23. b3 Rd5 24. Qb2 Rxd1+ 25. Rxd1 Kg8 26. Rd4 Qc6 27. c4
Qb6 28. Qd2 Rc5 29. Rh4 h5 30. Qh6 Qa5 31. Re4 Re5 32. Rf4 Qxa2 33. f3 Bxh3 34.
gxh3 Re1+ 0-1

[Event "IX Open FIDE"]
[Site "Roma ITA"]
[Date "2009.05.16"]
[Round "3"]
[White "Malloni, Marcello"]
[Black "Napoli, Nicolo'"]
[Result "0-1"]
[WhiteElo "2278"]
[BlackElo "2353"]
[PlyCount "96"]
[EventDate "2009.05.15"]

1. e4 g6 2. d4 Bg7 3. Nf3 d5 4. exd5 Qxd5 5. Be2 Nf6 6. O-O O-O 7. c4 Qd6 8.
Nc3 a6 9. h3 Bf5 10. Be3 Ne4 11. Nd5 Qd8 12. Bf4 Nd6 13. Nc3 c6 14. Re1 b5 15.
c5 Ne4 16. a4 Nd7 17. Bf1 Ndf6 18. Nh4 Qd7 19. Be5 Rad8 20. axb5 axb5 21. Nxf5
Qxf5 22. Qc2 Nxc3 23. Qxf5 gxf5 24. bxc3 Nd5 25. Bxg7 Kxg7 26. c4 bxc4 27. Bxc4
e6 28. Ra7 Kf6 29. Bxd5 Rxd5 30. Rc7 Rxd4 31. g3 f4 32. gxf4 Rxf4 33. Re3 Ra8
34. Kg2 Ra6 35. Rb3 h5 36. Kg3 Rf5 37. Rc3 Ke5 38. Rc2 Rg5+ 39. Kf3 f6 40. Ke2
Kd4 41. Rd7+ Rd5 42. Rf7 Re5+ 43. Kd2 f5 44. Rh7 Rxc5 45. Rxc5 Kxc5 46. Rxh5
Kd4 47. Rh4+ Kd5 48. Rh8 Ke4 0-1

[Event "IX Open FIDE"]
[Site "Roma ITA"]
[Date "2009.05.16"]
[Round "3"]
[White "Panella, Fiammetta"]
[Black "Lantini, Marco"]
[Result "1/2-1/2"]
[WhiteElo "2010"]
[BlackElo "2204"]
[PlyCount "76"]
[EventDate "2009.05.15"]

1. e4 e6 2. d4 c5 3. Nf3 cxd4 4. Nxd4 a6 5. Bd3 Bc5 6. Nb3 Be7 7. O-O d6 8. Qg4
g6 9. Qe2 Nd7 10. c4 b6 11. Nc3 Bb7 12. f4 Qc7 13. f5 Ne5 14. fxe6 fxe6 15. Nd4
Kd7 16. Be3 Nf6 17. Kh1 h5 18. Rad1 Nfg4 19. Bg1 Raf8 20. Na4 Bd8 21. b3 Bc6
22. Nxc6 Qxc6 23. c5 b5 24. Nc3 Rxf1 25. Qxf1 Be7 26. cxd6 Rf8 27. Qe2 Bg5 28.
Bd4 Nxd3 29. Rxd3 b4 30. Na4 Qc1+ 31. Rd1 Qxd1+ 32. Qxd1 Be3 33. Nb6+ Kd8 34.
Bxe3 Nxe3 35. Qd3 Rf1+ 36. Qxf1 Nxf1 37. e5 Ne3 38. Kg1 Nd1 1/2-1/2

[Event "IX Open FIDE"]
[Site "Roma ITA"]
[Date "2009.05.16"]
[Round "3"]
[White "Piccolo, Giuseppe"]
[Black "Ottaviani, Gianluca"]
[Result "1/2-1/2"]
[WhiteElo "1655"]
[BlackElo "1915"]
[PlyCount "31"]
[EventDate "2009.05.15"]

1. e4 g6 2. Nc3 Bg7 3. g3 e5 4. Bg2 d6 5. d3 Be6 6. Nge2 Qd7 7. Be3 Nf6 8. h3
c6 9. Qd2 O-O 10. Bh6 b5 11. Bxg7 Kxg7 12. f4 h6 13. g4 exf4 14. Nxf4 a6 15. d4
Qe7 16. O-O 1/2-1/2

[Event "IX Open FIDE"]
[Site "Roma ITA"]
[Date "2009.05.16"]
[Round "3"]
[White "Pienabarca, Nicola"]
[Black "Mammoliti, Francesco"]
[Result "1-0"]
[WhiteElo "2092"]
[BlackElo "1745"]
[PlyCount "79"]
[EventDate "2009.05.15"]

1. d4 Nf6 2. Nf3 e6 3. g3 Be7 4. Bg2 d5 5. O-O O-O 6. c4 c6 7. Nc3 dxc4 8. Ne5
Nbd7 9. Nxc4 Nd5 10. e4 Nxc3 11. bxc3 b5 12. Ne3 Bb7 13. d5 cxd5 14. exd5 exd5
15. Nxd5 Bxd5 16. Qxd5 Rb8 17. Bf4 Nf6 18. Qe5 Nd7 19. Qe2 Rb6 20. Rad1 Re8 21.
Bh3 Bd6 22. Be3 Nc5 23. Rd5 Qc7 24. Rfd1 Bf8 25. Qh5 g6 26. Rxc5 Bxc5 27. Qxc5
Qxc5 28. Bxc5 Rc6 29. Bd4 Rd6 30. Rb1 a6 31. Bf1 f5 32. a4 bxa4 33. Ra1 h5 34.
Rxa4 Ra8 35. Bc4+ Kh7 36. Rb4 Kh6 37. h4 Rd7 38. Bd3 Re7 39. Rb6 a5 40. Bxf5
1-0